| 000 | 00446nam a2200169 a 4500 | ||
|---|---|---|---|
| 001 | HUB008046 | ||
| 003 | PILC | ||
| 005 | 20150824123523.0 | ||
| 008 | |||
| 020 | _a0834004267 | ||
| 050 |
_aBS 195 _b.H747 1985 |
||
| 245 | 0 | 4 |
_aThe Holy Bible : _bcontaining the Old and New Testaments. |
| 260 |
_aGideons International, _c1985. |
||
| 300 |
_a1217 pages ; _c20 cm. |
||
| 650 | _aBible. | ||
| 942 |
_2lcc _cBK |
||
| 999 |
_c288452 _d288452 |
||